000 00400 a2200133 4500
001 ART_3639
005 20260410161717.0
008 260409a
245 1 0 _aTramas productivas en viejos sectores
100 1 _aAlbornoz Crespo, Facundo
700 1 _aMilesi, Darío
700 1 _aYoguel, Gabriel
773 0 _tDesarrollo económico
_g- Vol. 43, Nº 172 (ene./mar. 2004)
_wREV1174
999 _c16575
_d16575